000 00540cam a2200193ua 4500
001 11516
008 190926n ii |||gr||||Z||||||eng
020 _a9789350320952
040 _cMAIN
082 _a368
100 _aA.M Nayar . ,
_eAuthor.,
245 _aInsurance Management :
_bfundamental concepts, procedures and practices /
_cBy A.M Nayar .
250 _a1st ed /
_bVol. 2.
260 _aJaipur:
_bShree Nivas Publications,
_c2016.
300 _a313p.
653 _aInsurance
653 _aInsurance management
942 _cBK
999 _c10340
_d10340